CaGeWeB
  • bibliotheken
  • achtergrond
  • partners
  • historiek
naar

MARC Record

Leader
003 BE-GnUNI
007 't'u
035
  
  
a| (MSK)314000687
084
  
  
a| II.GB.62
245
0
0
a| Holly Leaves : b| The Christmas-Number of the Illustrated Sporting and Dramatic News (supplement of 'The Illustrated Sporting & Dramatic News').
260
  
  
a| Londen, c| 1899-1938.
500
  
  
a| Https://en.wikipedia.org/wiki/Illustrated_Sporting_and_Dramatic_News
500
  
  
a| Internet Archive: 1905: https://archive.org/details/1905hollyleavesthechristmasnumberforillustratedsportinganddramaticnews
520
  
  
a| The Illustrated Sporting and Dramatic News was an English weekly magazine founded in 1874 and published in London. In 1945 it changed its name to the Sport and Country, and in 1957 to the Farm and Country, before closing in 1970 (Wikipedia)
546
  
  
a| Engels
500
  
  
a| Tijdschriften
852
4
  
b| MSK c| MSK j| II.GB.62
920
  
  
a| tijdschrift
001 000044848
005 20241224121706.0
  • CaGeWeB vzw

    p/a Bagattenstraat 174, 9000 Gent

    voorzitter: Hendrik Defoort
    bestuurders: Frea Vancraeynest, Brigitte De Meyer, Ellen Ryckx, Kim Robensyn